000 00557nam a2200217 a 4500
001 13729
003 BD-JhCC
005 20240319144648.0
008 240319b2023 bg |||| ||a| 001 0 eng d
020 _a9789845064088
035 _a(BD-JhCC)13729
040 _aBD-JhCC
_dBD-JhCC
041 _aenglish
082 _a920
_bAZI 2023
100 _a Azim,Anwarul
245 _aMy Life In Tea /
_cAnwarul Azim.
260 _aDhaka:
_bThe University Press Limited;
_c 2023.
300 _a223 p. :
_c22 cm.
650 _a Biography & Memory
942 _2ddc
_cBK
999 _c13729
_d13729